XXIV Festival del Caribe : Palabras inaugurales /
Guardado en:
| Autor principal: | |
|---|---|
| Formato: | Desconocido |
| Lenguaje: | Spanish |
| Etiquetas: |
Agregar Etiqueta
Sin Etiquetas, Sea el primero en etiquetar este registro!
|
MARC
| LEADER | 000000000a22000000004500 | ||
|---|---|---|---|
| 001 | 006752 | ||
| 041 | 0 | |a spa | |
| 100 | 1 | |a James Figarola, Joel | |
| 245 | 1 | 0 | |a XXIV Festival del Caribe : |b Palabras inaugurales / |c Joel James Figarola. |
| 310 | |a trimestral | ||
| 773 | 0 | |x 0864-1331 |d Santiago, Cuba : Casa del Caribe |t Del Caribe |g número 45 (2004), páginas 3-15 | |
| 942 | |c ARC | ||
| 999 | |c 12972 |d 12972 | ||
